[Event "ch-NED Rapid 2015"]
[Site "Amstelveen NED"]
[Date "2015.10.04"]
[Round "1.1"]
[White "Spoelman, Wouter"]
[Black "Van Wely, Loek"]
[Result "1-0"]
[WhiteTitle "GM"]
[BlackTitle "GM"]
[WhiteElo "2583"]
[BlackElo "2632"]
[WhiteFideId "1010891"]
[BlackFideId "1000268"]
[EventDate "2015.10.04"]

1. c4 g6 2. g3 Bg7 3. Bg2 c5 4. Nf3 Nc6 5. O-O Nh6 6. d4 cxd4 7. Bxh6 Bxh6 8.
Nxd4 Bg7 9. e3 Nxd4 10. exd4 Qb6 11. Nc3 Qxd4 12. Qxd4 Bxd4 13. Nb5 Bb6 14. c5
Ba5 15. b4 a6 16. Nd6+ exd6 17. Rfe1+ Kd8 18. bxa5 dxc5 19. Re5 Rb8 20. Rb1 c4
21. Rc5 Re8 22. f4 Re2 23. a4 Rc2 24. Be4 Rc3 25. Bd5 Rb3 26. Rc1 b6 27. R5xc4
Bb7 28. Bxb7 Rxb7 29. Rc8+ Ke7 30. Ra8 b5 31. axb5 axb5 32. a6 Rb6 33. Ra1 b4
34. a7 Ra3 35. Rxa3 bxa3 36. Re8+ Kxe8 37. a8=Q+ Ke7 38. Qxa3+ Ke8 39. Qa8+ Ke7
40. Qa3+ Ke8 41. Qc3 Rb1+ 42. Kg2 h5 43. Kf3 Rf1+ 44. Ke4 Ke7 45. Qb4+ d6 46.
Qb7+ Ke6 47. Qb3+ Ke7 48. Kd5 Re1 49. Qb7+ Kf8 50. Kxd6 Re6+ 51. Kd5 Re2 52. h3
Rg2 53. Ke5 Re2+ 54. Kf6 Re6+ 55. Kg5 Kg7 56. g4 hxg4 57. hxg4 Re1 58. Qb2+ Kg8
59. Qd4 Re2 60. f5 gxf5 61. gxf5 Ra2 62. Qd8+ Kg7 63. f6+ Kh7 64. Qf8 Ra5+ 65.
Kf4 Ra4+ 66. Ke3 Kg6 67. Qg7+ Kf5 68. Qxf7 Re4+ 69. Kd3 Re6 70. Kd4 Rd6+ 71. Kc5
Rxf6 72. Qd5+ Kf4 73. Kd4 Rf5 74. Qe6 Rg5 75. Qe4+ Kg3 76. Ke3 Rg4 77. Qf5 Rg8
78. Qf3+ Kh2 79. Kf2 Rg5 80. Qf4+ 1-0

[Event "ch-NED Rapid 2015"]
[Site "Amstelveen NED"]
[Date "2015.10.04"]
[Round "1.2"]
[White "Nijboer, Friso"]
[Black "Klein, David"]
[Result "1/2-1/2"]
[WhiteTitle "GM"]
[BlackTitle "GM"]
[WhiteElo "2559"]
[BlackElo "2509"]
[WhiteFideId "1000063"]
[BlackFideId "1003623"]
[EventDate "2015.10.04"]

1. e4 c5 2. Nf3 e6 3. d4 cxd4 4. Nxd4 Nc6 5. Nc3 Qc7 6. Qd3 a6 7. Nxc6 bxc6 8.
Qg3 Qxg3 9. hxg3 d5 10. Na4 Rb8 11. b3 Bb4+ 12. c3 Bd6 13. exd5 cxd5 14. Be3 Nf6
15. Ba7 Rb7 16. Bc5 Rd7 17. Bd3 Ke7 18. b4 Rc7 19. Kd2 Nd7 20. Bxd6+ Kxd6 21. f4
h6 22. Rac1 Bb7 23. Ke3 Re8 24. c4 dxc4 25. Rxc4 e5 26. f5 e4 27. Be2 Rec8 28.
Rd1+ Ke7 29. Rcd4 Rb8 30. a3 a5 31. Bb5 Nf6 32. bxa5 Bc8 33. Nb6 Rc3+ 34. Kf4
Rxa3 35. Rc4 Bxf5 36. Kxf5 Rxa5 37. Nc8+ Rxc8 38. Rxc8 Rxb5+ 39. Kf4 g5+ 40. Ke3
Rb3+ 41. Kd4 Rxg3 42. Rc7+ Ke6 43. Rc6+ Ke7 44. Rc7+ Ke6 45. Rc6+ Ke7 46. Rc7+
Ke6 1/2-1/2

[Event "ch-NED Rapid 2015"]
[Site "Amstelveen NED"]
[Date "2015.10.04"]
[Round "1.3"]
[White "Reinderman, Dimitri"]
[Black "Giri, Anish"]
[Result "0-1"]
[WhiteTitle "GM"]
[BlackTitle "GM"]
[WhiteElo "2592"]
[BlackElo "2798"]
[WhiteFideId "1001302"]
[BlackFideId "24116068"]
[EventDate "2015.10.04"]

1. c4 c5 2. g3 g6 3. Bg2 Bg7 4. e3 Nf6 5. Nc3 O-O 6. Nge2 Nc6 7. d4 d6 8. O-O
Rb8 9. b3 a6 10. Bb2 Bd7 11. Qd2 b5 12. dxc5 dxc5 13. cxb5 axb5 14. Rfd1 Qc8 15.
Nd5 Bh3 16. Bxf6 Bxf6 17. Rac1 Bxg2 18. Kxg2 Nd8 19. Nef4 Qc6 20. f3 Nb7 21. e4
Rfe8 22. Nxf6+ Qxf6 23. Nd5 Qe5 24. Qe2 f5 25. Re1 Ra8 26. Rc2 Ra5 27. f4 Qxe4+
28. Qxe4 fxe4 29. Rxe4 Kf8 30. Nc7 Rc8 31. Ne6+ Kg8 32. Re5 c4 33. Nd4 Nd6 34.
Rxe7 cxb3 35. axb3 Rxc2+ 36. Nxc2 Nf5 37. Ne3 Ra2+ 38. Kh3 Nxe7 0-1

[Event "ch-NED Rapid 2015"]
[Site "Amstelveen NED"]
[Date "2015.10.04"]
[Round "1.4"]
[White "Smeets, Jan"]
[Black "Lai, Hing Ting"]
[Result "1-0"]
[WhiteTitle "GM"]
[BlackTitle "FM"]
[WhiteElo "2614"]
[BlackElo "2334"]
[WhiteFideId "1007246"]
[BlackFideId "1038257"]
[EventDate "2015.10.04"]

1. e4 c6 2. d4 d5 3. e5 Bf5 4. Nf3 e6 5. Be2 c5 6. Be3 cxd4 7. Nxd4 Ne7 8. Nd2
Nbc6 9. N2f3 Be4 10. O-O Nxd4 11. Nxd4 Nc6 12. Bb5 Qd7 13. c3 Rc8 14. Qa4 a6 15.
Bxc6 bxc6 16. Qxa6 Be7 17. b4 c5 18. bxc5 Bxc5 19. a4 O-O 20. Qe2 Be7 21. Rfc1
Rc4 22. a5 Ra8 23. Nb3 Qc6 24. Bd4 Bf5 25. h3 h6 26. Ra2 Rb8 27. a6 Rxb3 28. a7
Qa8 29. Rb2 Rxb2 30. Qxb2 Rc8 31. Qb5 Kh7 32. Ra1 Bg6 33. Qd7 Rf8 34. Qxe7 Rc8
35. Qd7 Rf8 36. Ra2 1-0

[Event "ch-NED Rapid 2015"]
[Site "Amstelveen NED"]
[Date "2015.10.04"]
[Round "2.1"]
[White "Van Wely, Loek"]
[Black "Lai, Hing Ting"]
[Result "1-0"]
[WhiteTitle "GM"]
[BlackTitle "FM"]
[WhiteElo "2632"]
[BlackElo "2334"]
[WhiteFideId "1000268"]
[BlackFideId "1038257"]
[EventDate "2015.10.04"]

1. d4 Nf6 2. c4 e6 3. Nf3 b6 4. a3 Bb7 5. Nc3 d5 6. Bg5 Be7 7. Qa4+ c6 8. Bxf6
Bxf6 9. cxd5 exd5 10. g3 O-O 11. Bg2 Nd7 12. O-O Re8 13. Rfd1 a5 14. Rac1 b5 15.
Qc2 Nb6 16. e4 b4 17. e5 bxc3 18. exf6 Nc4 19. Qxc3 Qxf6 20. Re1 Nd6 21. Ne5 Nb5
22. Qc5 Qe7 23. Bxd5 Qxc5 24. Bxf7+ Kf8 25. Rxc5 Re7 26. Bc4 Nxd4 27. Kg2 a4 28.
Re4 1-0

[Event "ch-NED Rapid 2015"]
[Site "Amstelveen NED"]
[Date "2015.10.04"]
[Round "2.2"]
[White "Giri, Anish"]
[Black "Smeets, Jan"]
[Result "1-0"]
[WhiteTitle "GM"]
[BlackTitle "GM"]
[WhiteElo "2798"]
[BlackElo "2614"]
[WhiteFideId "24116068"]
[BlackFideId "1007246"]
[EventDate "2015.10.04"]

1. d4 d5 2. c4 c6 3. Nf3 Nf6 4. e3 Bg4 5. Qb3 Qb6 6. Ne5 Bf5 7. cxd5 Qxb3 8.
axb3 Nxd5 9. Be2 Nd7 10. Nxd7 Kxd7 11. O-O e6 12. Na3 Nb4 13. Nc4 Be7 14. Bd2 f6
15. Bxb4 Bxb4 16. Ra4 Be7 17. Rfa1 Kc7 18. Rxa7 Rxa7 19. Rxa7 Bc2 20. Bf3 Kb8
21. Ra1 Bxb3 22. Na5 Bc2 23. Bxc6 bxc6 24. Nxc6+ Kc7 25. Nxe7 Be4 26. d5 Kd6 27.
Ra6+ 1-0

[Event "ch-NED Rapid 2015"]
[Site "Amstelveen NED"]
[Date "2015.10.04"]
[Round "2.3"]
[White "Klein, David"]
[Black "Reinderman, Dimitri"]
[Result "0-1"]
[WhiteTitle "GM"]
[BlackTitle "GM"]
[WhiteElo "2509"]
[BlackElo "2592"]
[WhiteFideId "1003623"]
[BlackFideId "1001302"]
[EventDate "2015.10.04"]

1. e4 c5 2. Nf3 d6 3. d4 cxd4 4. Nxd4 Nf6 5. Nc3 g6 6. Be2 Bg7 7. O-O O-O 8. Bg5
a6 9. Re1 b5 10. Bf3 Ra7 11. a4 b4 12. Nd5 e6 13. Bxf6 Bxf6 14. Nxf6+ Qxf6 15.
Qd2 e5 16. Nb3 Nc6 17. Be2 Rc7 18. Bc4 Nd4 19. Qd3 Be6 20. Nd2 a5 21. Rac1 Rfc8
22. b3 Rc5 23. Re3 Kg7 24. h3 Bxc4 25. Nxc4 Qe6 26. Ree1 Rxc4 27. bxc4 Rxc4 28.
Kh2 Qc8 29. f4 b3 30. c3 b2 31. Rb1 Rxc3 32. Qf1 Rc2 33. fxe5 dxe5 34. Re3 Qc6
35. Qd1 Qxa4 36. Rd3 Qc4 37. Qf1 Rc1 38. Rd1 Qxf1 39. Rxf1 Rxf1 40. Rxf1 a4 0-1

[Event "ch-NED Rapid 2015"]
[Site "Amstelveen NED"]
[Date "2015.10.04"]
[Round "2.4"]
[White "Spoelman, Wouter"]
[Black "Nijboer, Friso"]
[Result "0-1"]
[WhiteTitle "GM"]
[BlackTitle "GM"]
[WhiteElo "2583"]
[BlackElo "2559"]
[WhiteFideId "1010891"]
[BlackFideId "1000063"]
[EventDate "2015.10.04"]

1. Nf3 f5 2. d3 Nc6 3. d4 e6 4. c4 Nf6 5. Nc3 Bb4 6. Bd2 O-O 7. g3 d6 8. Bg2
Bxc3 9. Bxc3 Ne4 10. Qc2 Qf6 11. O-O Nxc3 12. Qxc3 e5 13. e3 g5 14. dxe5 dxe5
15. Rad1 g4 16. Nd2 e4 17. Qxf6 Rxf6 18. Nb3 Be6 19. Rc1 Rd8 20. Rfd1 Rxd1+ 21.
Rxd1 Bxc4 22. h3 h5 23. Bf1 Bxf1 24. Kxf1 gxh3 25. Ke2 Ne5 26. Rh1 Ra6 27. Rxh3
Rxa2 28. Nd4 Rxb2+ 29. Kf1 Nf3 30. Nxf3 exf3 31. Ke1 Kg7 32. Rxh5 Kg6 33. Rh4
Rb1+ 34. Kd2 Rf1 35. Rc4 Rxf2+ 36. Kd3 c6 37. e4 Ra2 38. e5 f2 39. Rf4 a5 40. g4
fxg4 41. e6 Ra1 42. Rxf2 Re1 43. Kd4 0-1

[Event "ch-NED Rapid 2015"]
[Site "Amstelveen NED"]
[Date "2015.10.04"]
[Round "3.1"]
[White "Nijboer, Friso"]
[Black "Van Wely, Loek"]
[Result "0-1"]
[WhiteTitle "GM"]
[BlackTitle "GM"]
[WhiteElo "2559"]
[BlackElo "2632"]
[WhiteFideId "1000063"]
[BlackFideId "1000268"]
[EventDate "2015.10.04"]

1. e4 c5 2. Nf3 e6 3. d4 cxd4 4. Nxd4 a6 5. Nc3 Qc7 6. Bd3 Nf6 7. O-O d6 8. Kh1
Nbd7 9. Bg5 b5 10. a3 Bb7 11. f4 h6 12. Bh4 g5 13. fxg5 hxg5 14. Bxg5 d5 15. h3
dxe4 16. Bxb5 axb5 17. Ndxb5 Qg3 0-1

[Event "ch-NED Rapid 2015"]
[Site "Amstelveen NED"]
[Date "2015.10.04"]
[Round "3.2"]
[White "Reinderman, Dimitri"]
[Black "Spoelman, Wouter"]
[Result "1-0"]
[WhiteTitle "GM"]
[BlackTitle "GM"]
[WhiteElo "2592"]
[BlackElo "2583"]
[WhiteFideId "1001302"]
[BlackFideId "1010891"]
[EventDate "2015.10.04"]

1. Nf3 d5 2. c4 c6 3. g3 Nf6 4. Bg2 dxc4 5. O-O Nbd7 6. Na3 Nb6 7. Qc2 Qd5 8. b3
cxb3 9. axb3 g6 10. Bb2 Bg7 11. Ne5 Qd8 12. Nac4 O-O 13. d4 Be6 14. Na5 Qc7 15.
e4 Ne8 16. b4 Rd8 17. Rac1 Bc8 18. b5 Nd7 19. Nexc6 bxc6 20. Nxc6 Nb6 21. Ba3
Rd7 22. Qb3 Kh8 23. Nxe7 Qd8 24. Nc6 Qg5 25. Bxf8 Bxf8 26. e5 Bb7 27. d5 Nc7 28.
f4 Qg4 29. Bf3 Qh3 30. Rfd1 h5 31. Bg2 Qf5 32. Nd4 Bxd5 33. Nxf5 Bxb3 34. Rxd7
Ne6 35. Rd3 Bc4 36. Rdc3 Bxb5 37. Nd6 Bxd6 38. exd6 Kg7 39. Bc6 Bxc6 40. Rxc6
Kf6 41. Ra1 Nd4 42. Rc5 Ke6 43. Rxa7 Kxd6 44. Rcc7 f6 45. Rg7 Nd5 46. Ra6+ Kc5
47. g4 h4 48. Rxg6 f5 49. Raf6 1-0

[Event "ch-NED Rapid 2015"]
[Site "Amstelveen NED"]
[Date "2015.10.04"]
[Round "3.3"]
[White "Smeets, Jan"]
[Black "Klein, David"]
[Result "1-0"]
[WhiteTitle "GM"]
[BlackTitle "GM"]
[WhiteElo "2614"]
[BlackElo "2509"]
[WhiteFideId "1007246"]
[BlackFideId "1003623"]
[EventDate "2015.10.04"]

1. e4 c5 2. Nf3 e6 3. c4 Nc6 4. Nc3 e5 5. d3 d6 6. a3 Nge7 7. Be2 g6 8. b4 Bg7
9. bxc5 dxc5 10. Bd2 h6 11. Rb1 Rb8 12. Nd5 Bg4 13. Qc1 Qd6 14. O-O h5 15. Kh1
Bxf3 16. Bxf3 O-O 17. g3 Nxd5 18. cxd5 Nd4 19. Bg2 b6 20. f4 h4 21. gxh4 exf4
22. Bxf4 Be5 23. Rb2 Kh7 24. Bh3 Rbe8 25. Bh6 Bg7 26. Bxg7 Kxg7 27. h5 Rh8 28.
Rbf2 Re7 29. Bg4 Qe5 30. hxg6 fxg6 31. Qd2 Nb5 32. Rf6 Nd6 33. Be6 c4 34. Qg2
Rh6 35. dxc4 Nxe4 36. R6f3 Nd6 37. Qf2 Rh8 38. Re1 Qg5 39. Qd4+ Kh7 40. Rh3+ 1-0

[Event "ch-NED Rapid 2015"]
[Site "Amstelveen NED"]
[Date "2015.10.04"]
[Round "3.4"]
[White "Lai, Hing Ting"]
[Black "Giri, Anish"]
[Result "0-1"]
[WhiteTitle "FM"]
[BlackTitle "GM"]
[WhiteElo "2334"]
[BlackElo "2798"]
[WhiteFideId "1038257"]
[BlackFideId "24116068"]
[EventDate "2015.10.04"]

1. c4 e5 2. g3 Nf6 3. Bg2 d5 4. cxd5 Nxd5 5. Nc3 Nb6 6. Nf3 Nc6 7. O-O Be7 8. a3
O-O 9. b4 Be6 10. d3 Nd4 11. Rb1 f6 12. Nxd4 exd4 13. Ne4 Bd5 14. Bb2 f5 15. Nd2
Bf6 16. Bxd5+ Qxd5 17. Qb3 Rfe8 18. Rfe1 Rad8 19. Rbc1 c6 20. Rc5 Qxb3 21. Nxb3
Na4 22. Rc2 Rd5 23. Bc1 Kf7 24. Bd2 g5 25. Kg2 Kg6 26. h3 h5 27. Kf3 Rd7 28. Kg2
Rde7 29. Bc1 Nc3 30. Kf1 g4 31. h4 Nd5 32. Rc4 Nb6 33. Rc5 Na4 34. Rc2 a6 35.
Bf4 Nc3 36. Bd6 Rd7 37. Bc5 Na4 38. e3 dxe3 39. Rxe3 Rxe3 40. Bxe3 Rxd3 41. Na5
Rxa3 42. Nxb7 Nc3 43. Bd2 Ne4 44. Bf4 Bc3 45. Nd8 Kf6 46. Nxc6 Ke6 47. Kg2 Ra1
48. Be3 Ra4 49. Bd4 Bxb4 50. Rc4 a5 51. Nxa5 Nd6 52. Be3 Nxc4 53. Nxc4 Bc3 54.
Nd2 Kd5 0-1

[Event "ch-NED Rapid 2015"]
[Site "Amstelveen NED"]
[Date "2015.10.04"]
[Round "4.1"]
[White "Van Wely, Loek"]
[Black "Giri, Anish"]
[Result "0-1"]
[WhiteTitle "GM"]
[BlackTitle "GM"]
[WhiteElo "2632"]
[BlackElo "2798"]
[WhiteFideId "1000268"]
[BlackFideId "24116068"]
[EventDate "2015.10.04"]

1. Nf3 Nf6 2. g3 c5 3. Bg2 Nc6 4. O-O e5 5. e4 Be7 6. Re1 O-O 7. c3 d6 8. h3 Re8
9. d4 exd4 10. cxd4 d5 11. exd5 Nxd5 12. dxc5 Ndb4 13. Nc3 Bf5 14. Bg5 Nc2 15.
Rxe7 Nxe7 16. Rc1 Qxd1+ 17. Rxd1 f6 18. Bf4 Rad8 19. Bd6 b6 20. b4 Nc8 21. Nb5
Nxb4 22. Nfd4 Be4 23. Bxe4 Rxe4 24. cxb6 Nxd6 25. Nf5 axb6 26. Nbxd6 Nxa2 27.
Rb1 Re6 28. Rxb6 g6 29. Nh6+ Kf8 30. Nc4 Rxb6 31. Nxb6 f5 32. g4 Kg7 33. g5 Rd4
34. Nc8 Kf8 35. Na7 Nc3 36. Nc6 Rd5 37. Kg2 Ne4 38. f4 Rd2+ 39. Kf3 Rd3+ 40. Ke2
Rxh3 41. Nd4 Ra3 42. Ne6+ Ke7 43. Nd4 Nc3+ 44. Kf2 Nd5 0-1

[Event "ch-NED Rapid 2015"]
[Site "Amstelveen NED"]
[Date "2015.10.04"]
[Round "4.2"]
[White "Klein, David"]
[Black "Lai, Hing Ting"]
[Result "1-0"]
[WhiteTitle "GM"]
[BlackTitle "FM"]
[WhiteElo "2509"]
[BlackElo "2334"]
[WhiteFideId "1003623"]
[BlackFideId "1038257"]
[EventDate "2015.10.04"]

1. e4 g6 2. d4 Bg7 3. c3 d6 4. Bd3 e5 5. Ne2 Nf6 6. O-O O-O 7. Bg5 h6 8. Bh4 Re8
9. Nd2 Nbd7 10. h3 c6 11. Qc2 g5 12. Bg3 Nh5 13. Rad1 Nf8 14. dxe5 dxe5 15. Nc4
Qf6 16. Bh2 Nf4 17. Ng3 N8g6 18. Nf5 Bf8 19. Nce3 h5 20. Rfe1 Nxd3 21. Rxd3 Nf4
22. Rd2 Be6 23. Red1 a5 24. Nd6 Reb8 25. Nef5 a4 26. c4 b5 27. Bxf4 exf4 28.
cxb5 cxb5 29. b3 Qe5 30. b4 Ra7 31. Rd4 a3 32. Qe2 h4 33. R1d2 Rc7 34. Qh5 Qf6
35. Kh2 Qg6 36. Qd1 Qf6 37. R2d3 Ra7 38. Qe2 Qe5 39. Qh5 Qf6 40. Rd2 Ra4 41. Rc2
Qg6 42. Qd1 Qf6 43. Qd2 Qe5 44. Rc5 Qf6 45. Rxb5 Rxb5 46. Nxb5 Bxf5 47. exf5
Qxf5 48. Nd6 Qe6 49. f3 Qe3 50. Qd1 Ra6 51. Ne4 Rg6 52. Rd3 Qb6 53. Rxa3 Qxb4
54. Rb3 Qa4 55. Qd8 Qxa2 56. Rb8 Qa3 57. Rc8 Re6 58. Nc5 1-0

[Event "ch-NED Rapid 2015"]
[Site "Amstelveen NED"]
[Date "2015.10.04"]
[Round "4.3"]
[White "Spoelman, Wouter"]
[Black "Smeets, Jan"]
[Result "1-0"]
[WhiteTitle "GM"]
[BlackTitle "GM"]
[WhiteElo "2583"]
[BlackElo "2614"]
[WhiteFideId "1010891"]
[BlackFideId "1007246"]
[EventDate "2015.10.04"]

1. d4 d5 2. c4 c6 3. Nf3 Nf6 4. e3 Bg4 5. Nc3 e6 6. h3 Bxf3 7. Qxf3 Nbd7 8. Bd3
Bb4 9. Bd2 O-O 10. a3 Ba5 11. b4 Bc7 12. O-O dxc4 13. Bxc4 e5 14. Bb3 exd4 15.
exd4 Nb6 16. Be3 Nbd5 17. Nxd5 Nxd5 18. Rfe1 Re8 19. Bd2 Qd6 20. g3 Bb6 21. Qd3
Qf6 22. Bxd5 cxd5 23. Qb5 Red8 24. Be3 h6 25. Rac1 a6 26. Qd3 Re8 27. Kg2 Re6
28. a4 Re4 29. Red1 Rae8 30. a5 Bd8 31. Rc5 Be7 32. Rxd5 Bxb4 33. Qb3 Qe7 34.
Rb1 Bd6 35. Qxb7 Qf6 36. Qc6 R8e6 37. Rxd6 Rxe3 38. Rxe6 Rxe6 39. Qc4 Qf5 40. d5
Rf6 41. Rb2 Qf3+ 42. Kh2 Qd1 43. Qc8+ Kh7 44. Qc2+ Qxc2 45. Rxc2 Rd6 46. Rc5 Rd7
47. g4 Kg6 48. Kg3 Kf6 49. Kf4 Rd6 50. Ke4 Ke7 51. Rc7+ Ke8 52. Ke5 Rf6 53. f4
Kd8 54. Rc6 1-0

[Event "ch-NED Rapid 2015"]
[Site "Amstelveen NED"]
[Date "2015.10.04"]
[Round "4.4"]
[White "Nijboer, Friso"]
[Black "Reinderman, Dimitri"]
[Result "0-1"]
[WhiteTitle "GM"]
[BlackTitle "GM"]
[WhiteElo "2559"]
[BlackElo "2592"]
[WhiteFideId "1000063"]
[BlackFideId "1001302"]
[EventDate "2015.10.04"]

1. e4 c5 2. Nf3 a6 3. Nc3 b5 4. d4 e6 5. d5 Bb7 6. d6 b4 7. Na4 Bxe4 8. Nxc5 Bd5
9. Bf4 Nf6 10. Qd4 Nc6 11. Qe3 Qb6 12. Na4 Qb8 13. Nb6 Ra7 14. O-O-O Bxf3 15.
gxf3 g6 16. Nd5 Nh5 17. h4 Nxf4 18. Nf6+ Kd8 19. Qxf4 h5 20. Kb1 Bh6 21. Qc4 Qb6
22. Ne4 Ne5 23. Qe2 Bg7 24. f4 Nc6 25. Bg2 Nd4 26. Qe3 Rf8 27. Rd3 f5 28. Ng5
Qc5 29. c3 bxc3 30. Rxc3 Qxd6 31. Rd1 Rc7 32. Rcd3 Qc5 33. Rxd4 Bxd4 34. Nxe6+
dxe6 35. Qxd4+ Qxd4 36. Rxd4+ Ke7 37. a4 Rd8 38. Rb4 Rd2 0-1

[Event "ch-NED Rapid 2015"]
[Site "Amstelveen NED"]
[Date "2015.10.04"]
[Round "5.1"]
[White "Reinderman, Dimitri"]
[Black "Van Wely, Loek"]
[Result "1/2-1/2"]
[WhiteTitle "GM"]
[BlackTitle "GM"]
[WhiteElo "2592"]
[BlackElo "2632"]
[WhiteFideId "1001302"]
[BlackFideId "1000268"]
[EventDate "2015.10.04"]

1. c4 c6 2. Nf3 d5 3. g3 g6 4. Bg2 Bg7 5. O-O Nf6 6. b3 Ne4 7. d4 O-O 8. Bb2
dxc4 9. bxc4 Qb6 10. Qb3 c5 11. e3 Nc6 12. Ne5 Nd6 13. Nd2 cxd4 14. exd4 Nxe5
15. dxe5 Nf5 16. Qxb6 axb6 17. Nb3 Ra4 18. Rfc1 Nd6 19. Bf1 Be6 20. c5 Nc4 21.
Bxc4 Bxc4 22. cxb6 Bxb3 23. axb3 Rb4 24. Ba3 Rxb6 25. Bxe7 Re8 26. Bc5 Rxb3 27.
f4 f6 28. exf6 Bxf6 29. Rab1 Rxb1 30. Rxb1 Rc8 31. Be3 Rc7 32. Kg2 h5 33. Kf3
Kf7 34. h3 Rd7 35. g4 hxg4+ 36. hxg4 Rc7 37. Rb5 1/2-1/2

[Event "ch-NED Rapid 2015"]
[Site "Amstelveen NED"]
[Date "2015.10.04"]
[Round "5.2"]
[White "Smeets, Jan"]
[Black "Nijboer, Friso"]
[Result "1-0"]
[WhiteTitle "GM"]
[BlackTitle "GM"]
[WhiteElo "2614"]
[BlackElo "2559"]
[WhiteFideId "1007246"]
[BlackFideId "1000063"]
[EventDate "2015.10.04"]

1. e4 c5 2. Nf3 Nc6 3. d4 cxd4 4. Nxd4 Nf6 5. Nc3 d6 6. Bg5 e6 7. Qd2 a6 8.
O-O-O Bd7 9. f4 b5 10. a3 Qb6 11. Nb3 b4 12. axb4 Nxb4 13. Qd4 Qxd4 14. Rxd4 Rb8
15. Be2 Be7 16. Rhd1 e5 17. Rxd6 Bxd6 18. Rxd6 Be6 19. Nc5 exf4 20. e5 h6 21.
Bxf6 gxf6 22. Nxe6 fxe6 23. Rxe6+ Kf7 24. Rxf6+ Kg7 25. Rxf4 Rhe8 26. Rg4+ Kh8
27. Re4 Rb6 28. Bc4 Re7 29. Ne2 Rg6 30. Nf4 Rg5 31. e6 Nc6 32. Bxa6 Kg7 33. b4
Kf6 34. Kb2 Re5 35. Rxe5 Nxe5 36. Nd5+ 1-0

[Event "ch-NED Rapid 2015"]
[Site "Amstelveen NED"]
[Date "2015.10.04"]
[Round "5.3"]
[White "Lai, Hing Ting"]
[Black "Spoelman, Wouter"]
[Result "1-0"]
[WhiteTitle "FM"]
[BlackTitle "GM"]
[WhiteElo "2334"]
[BlackElo "2583"]
[WhiteFideId "1038257"]
[BlackFideId "1010891"]
[EventDate "2015.10.04"]

1. c4 e5 2. g3 Nf6 3. Bg2 d5 4. cxd5 Nxd5 5. Nc3 Nb6 6. Nf3 Nc6 7. O-O Be7 8. b3
O-O 9. Bb2 f5 10. d4 e4 11. Ne5 Nxe5 12. dxe5 Be6 13. Nb5 Bd5 14. Qc2 c6 15. Nd4
Qd7 16. e3 Qc7 17. g4 fxg4 18. Bxe4 Qxe5 19. Bxh7+ Kh8 20. Nxc6 Qe6 21. Ne5 Rac8
22. Qd3 Qh6 23. Ng6+ Kxh7 24. Nxe7+ Kh8 25. Ng6+ Kg8 26. Ne7+ Kh8 27. Nxd5 Rcd8
28. e4 Rf3 29. Qe2 Nd7 30. Ne3 Nf6 31. Nf5 Qf4 32. Bxf6 gxf6 33. Rad1 Re8 34.
Qb2 Rf8 35. Rd8 1-0

[Event "ch-NED Rapid 2015"]
[Site "Amstelveen NED"]
[Date "2015.10.04"]
[Round "5.4"]
[White "Giri, Anish"]
[Black "Klein, David"]
[Result "1-0"]
[WhiteTitle "GM"]
[BlackTitle "GM"]
[WhiteElo "2798"]
[BlackElo "2509"]
[WhiteFideId "24116068"]
[BlackFideId "1003623"]
[EventDate "2015.10.04"]

1. e4 c5 2. Nf3 d6 3. d4 cxd4 4. Nxd4 Nf6 5. Nc3 a6 6. Be3 e5 7. Nf3 Be7 8. Bc4
O-O 9. O-O Nc6 10. Bb3 h6 11. Nh4 Na5 12. Ng6 Nxb3 13. Nxe7+ Qxe7 14. axb3 Be6
15. f4 Ng4 16. Bc1 exf4 17. Bxf4 Rad8 18. Qd4 Ne5 19. Rad1 f6 20. Qb6 Rd7 21.
Rd2 Rc8 22. Rfd1 Rc6 23. Qd4 Kh7 24. Na2 Bg4 25. Rf1 Rc8 26. Nc3 Be6 27. Bg3 Rc6
28. h3 Rc8 29. Kh2 Rc6 30. Rfd1 Qf7 31. Qf2 Bg4 32. Rf1 Be6 33. Kg1 Qg6 34. Rfd1
Qf7 35. Rd4 Qe7 36. R1d2 Kg8 37. Qe2 Kh7 38. Kh1 Kg8 39. Qd1 Kh7 40. Bh2 Kg8 41.
Qf1 Kh7 42. Nd1 Rc8 43. Ne3 Rc6 44. Qd1 Kg8 45. Rf2 Kh7 46. Qf1 Kg8 47. Bg3 Kh7
48. Rfd2 Kg8 49. c4 Qf7 50. Qd1 Qe7 51. Nf5 Bxf5 52. exf5 Kh7 53. Rd5 b5 54.
Bxe5 fxe5 55. c5 Qf6 56. Rxd6 Rcxd6 57. Rxd6 Rxd6 58. cxd6 Qd8 59. d7 Kg8 60.
Kg1 Kf7 61. Qd5+ Kf8 62. Qd6+ Kf7 63. Kf1 h5 64. g4 hxg4 65. hxg4 Qa8 66. d8=N+ 1-0

[Event "ch-NED Rapid 2015"]
[Site "Amstelveen NED"]
[Date "2015.10.04"]
[Round "6.1"]
[White "Van Wely, Loek"]
[Black "Klein, David"]
[Result "1-0"]
[WhiteTitle "GM"]
[BlackTitle "GM"]
[WhiteElo "2632"]
[BlackElo "2509"]
[WhiteFideId "1000268"]
[BlackFideId "1003623"]
[EventDate "2015.10.04"]
[EventType "rapid"]

1. d4 Nf6 2. c4 g6 3. Nc3 Bg7 4. Nf3 O-O 5. g3 d6 6. Bg2 Nc6 7. O-O Rb8 8. Re1
a6 9. e4 Bg4 10. Be3 Nd7 11. h3 Bxf3 12. Bxf3 e5 13. d5 Nd4 14. Bg2 c5 15. dxc6
bxc6 16. Rb1 a5 17. a3 c5 18. a4 Rb7 19. Nb5 Nb8 20. f4 Nbc6 21. Rf1 exf4 22.
gxf4 Nxb5 23. axb5 Bd4 24. Qd2 Bxe3+ 25. Qxe3 Nd4 26. Rbd1 Re8 27. Rxd4 cxd4 28.
Qxd4 Rc7 29. b3 Rc5 30. e5 Qb6 31. exd6 Rxb5 32. Qxb6 Rxb6 33. c5 Rxb3 34. c6
Rd3 35. d7 Rd8 36. Ra1 R3xd7 37. cxd7 Rxd7 38. Rxa5 Rd4 39. f5 Rf4 40. fxg6 hxg6
41. Kh2 Kg7 42. Kg3 Rf5 43. Ra7 Rf6 44. Bd5 Rf5 45. Be4 Rf6 46. Bf3 Rf5 47. Kf2
Rb5 48. Ke3 Rb3+ 49. Kf4 Rc3 50. Bg4 Rc1 51. Rb7 Ra1 52. Bf3 Ra3 53. Bg2 Ra5 54.
Rd7 Rf5+ 55. Ke3 Kf8 56. Bf3 Kg7 57. Bd5 Kf8 58. Kd4 Ke8 59. Ra7 Kf8 60. Kc5 Rf2
61. Kd6 Rf6+ 62. Kd7 Rf5 63. Kd6 Rf6+ 64. Kc5 Rf5 65. Ra3 Rf6 66. Bc6 Kg7 67.
Kb6 Kf8 68. Kc7 Rf2 69. Bd5 Rf5 70. Kd6 Rf6+ 71. Kd7 Rf5 72. Rd3 Rf4 73. Rf3 Rf5
74. Be4 Rg5 75. h4 Rg4 76. Bd5 f5 77. h5 gxh5 78. Rxf5+ Kg7 79. Rxh5 Kf6 80. Kd6
Rg5 81. Rh7 Rg7 82. Rh1 Kg5 83. Ke5 Re7+ 84. Be6 Rg7 85. Rf1 Kh6 86. Rh1+ Kg5
87. Rh2 Kg6 88. Rh8 Kg5 89. Rf8 Rg6 90. Bf5 Rg7 91. Re8 Kh6 92. Kf4 Rf7 93. Re6+
Kg7 94. Kg5 Kf8 95. Ra6 Rg7+ 96. Kf6 Rf7+ 97. Ke5 Rg7 98. Bg6 Re7+ 99. Kf6 Rf7+
100. Ke6 Re7+ 101. Kd6 Rb7 102. Be4 Rf7 103. Ra8+ Kg7 104. Bd5 Rf5 105. Ke6 Rg5
106. Be4 Rg3 107. Ra7+ Kh6 108. Kf5 Rg5+ 109. Kf4 Rg7 110. Ra6+ Kh5 111. Bf3+ 1-0